000 00283nam a22001337a 4500
008 171011b xxu||||| |||| 00| 0 eng d
020 _a9780415902724
041 _aeng
080 _a316
100 _a50
101 _aSOC
245 _aUNEQUAL SISTER
_cRUIZ.L.V
942 _2udc
_cBK
999 _c33212
_d33212